[Event "Challenge"]
[Site "http://www.queenalice.com/game.php?id=282329"]
[Date "2007.10.7"]
[Round "-"]
[White "guermantes"]
[Black "DJLeon"]
[Result "1-0"]
[WhiteElo "1567"]
[BlackElo "1676"]

1. d4 d5 2. Nf3 Nc6 3. Bf4 Bf5 4. e3 e6 5. c4 Nb4 6. Qa4+ Nc6 7. cxd5 exd5 8.
Bb5 a6 9. Bxc6+ bxc6 10. Qxc6+ Bd7 11. Qxd5 Bb4+ 12. Nc3 c6 13. Qe4+ Ne7 14. O-O
O-O 15. a3 Ba5 16. Rad1 Qb8 17. b4 Bc7 18. Qxe7 Be6 19. Qxc7 Qc8 20. Qxc8 Bxc8
21. Ne5 a5 22. Nxc6 Ba6 23. b5 Bc8 24. Ne7+ Kh8 25. Nxc8 Raxc8 26. Rc1 Rfd8 27.
d5 Rc4 28. b6 Rd7 29. Rfd1 Rb7 30. Bc7 Kg8 31. d6 1-0

[Event "AUTO-OPEN-881"]
[Site "http://www.queenalice.com/game.php?id=294486"]
[Date "2007.10.28"]
[Round "1"]
[White "arnelsr"]
[Black "guermantes"]
[Result "0-1"]
[WhiteElo "1535"]
[BlackElo "1589"]

1. e4 d6 2. d4 Nf6 3. Nc3 Nbd7 4. Nf3 e5 5. Be2 Be7 6. O-O c6 7. Be3 h6 8. d5
Qc7 9. Nh4 Nf8 10. Qd3 g5 11. Nf5 Ng6 12. Ng7+ Kd8 13. Rad1 Nf4 14. Bxf4 gxf4
0-1

[Event "AUTO-OPEN-881"]
[Site "http://www.queenalice.com/game.php?id=294487"]
[Date "2007.10.28"]
[Round "1"]
[White "guermantes"]
[Black "arnelsr"]
[Result "1-0"]
[WhiteElo "1603"]
[BlackElo "1521"]

1. d4 d5 2. Nf3 Bg4 3. e3 Nf6 4. Be2 e6 5. Nbd2 Nc6 6. h3 Bh5 7. c3 Bd6 8. Bd3
O-O 9. Qc2 e5 10. dxe5 Nxe5 11. g4 Bg6 12. Bxg6 fxg6 13. Nxe5 Bxe5 14. Nf3 1-0

[Event "AUTO-OPEN-881"]
[Site "http://www.queenalice.com/game.php?id=294512"]
[Date "2007.10.28"]
[Round "1"]
[White "guermantes"]
[Black "Kaka"]
[Result "1-0"]
[WhiteElo "1622"]
[BlackElo "1585"]

1. d4 c5 2. e3 a6 3. Nf3 d6 4. Nc3 Nc6 5. dxc5 Bf5 6. Bd3 Nh6 7. h3 Nb4 8. Bxf5
Nxf5 9. Bd2 dxc5 10. O-O e6 11. Ne4 Qc7 12. a3 Nd5 13. c4 Nf6 14. Nxf6+ gxf6 15.
Qa4+ b5 16. cxb5 Ne7 17. b6+ Qc6 18. Qxc6+ Nxc6 19. a4 a5 20. Rfc1 O-O-O 21. Bc3
Kb7 22. Ra3 Kxb6 23. Rb3+ Ka6 24. Bxf6 Be7 25. Bxe7 Nxe7 26. Rxc5 Rd1+ 27. Kh2
Rc8 28. Rcb5 Rdc1 29. Rb6+ Ka7 30. Rb7+ Ka8 31. Rxe7 R1c4 32. Rbb7 h5 33. Ra7+
1-0

[Event "AUTO-OPEN-881"]
[Site "http://www.queenalice.com/game.php?id=294513"]
[Date "2007.10.28"]
[Round "1"]
[White "Kaka"]
[Black "guermantes"]
[Result "0-1"]
[WhiteElo "1547"]
[BlackElo "1662"]

1. d4 d5 2. Nc3 Nf6 3. f3 e6 4. a3 c5 5. e3 Nc6 6. Bb5 Bd7 7. dxc5 Bxc5 8. Na4
Qa5+ 9. Nc3 Qc7 10. f4 O-O 11. Qf3 a6 12. Bd3 e5 13. Nxd5 Nxd5 14. Qxd5 Qd6 15.
Qe4 f5 16. Qc4+ Kh8 17. Nf3 e4 18. Bxe4 fxe4 19. Qxe4 Rae8 20. Ne5 Bf5 21. Qf3
Nxe5 22. fxe5 Rxe5 23. O-O Bd3 24. Qxf8+ Qxf8 25. Rxf8+ Bxf8 26. b4 Bxc2 27. Bd2
Be4 28. Rf1 Kg8 29. h4 h6 30. g3 Be7 31. Kh2 b6 32. Bc3 Rd5 33. Rf4 Bh7 34. Rg4
Bf8 35. e4 Rd3 36. Bb2 Rd2+ 37. Kh3 Rxb2 38. e5 Bf5 39. h5 Be7 0-1

[Event "AUTO-INT-667"]
[Site "http://www.queenalice.com/game.php?id=295114"]
[Date "2007.10.29"]
[Round "1"]
[White "Chazam"]
[Black "guermantes"]
[Result "0-1"]
[WhiteElo "1602"]
[BlackElo "1648"]

1. e4 d6 2. Nc3 Nf6 3. Nf3 e5 4. d4 Be7 5. d5 h6 6. a4 c6 7. b4 a6 8. dxc6 bxc6
9. Bd3 Nbd7 10. Bb2 Nf8 11. Qd2 g5 12. h3 Ng6 13. a5 Be6 14. Na4 O-O 15. Qc3 Nf4
16. Rg1 Rb8 17. Qxc6 Rxb4 18. Qxa6 Qb8 19. Bc3 Nxd3+ 20. cxd3 Rb3 21. Nb6 Rxc3
22. Rb1 Rxd3 23. Ke2 Nxe4 24. Kxd3 Nc5+ 25. Ke2 Nxa6 26. Nd7 Qc7 27. Nxf8 Qc2+
28. Nd2 Bxf8 29. Rgc1 Qa4 30. Ra1 Qd7 31. Ne4 Be7 32. Rab1 Bf5 33. Kf3 g4+ 34.
hxg4 Bxg4+ 35. Kg3 Qf5 36. f3 Qf4+ 37. Kf2 Nc5 38. Nxc5 dxc5 39. a6 Bh4+ 40. Kf1
Qd4 41. Ke2 Qf2+ 42. Kd1 Bxf3+ 43. gxf3 Qxf3+ 44. Kc2 Qe2+ 45. Kb3 Qxa6 46. Kc2
Kg7 47. Rg1+ Bg5 48. Rb2 Qg6+ 49. Kb3 Qd3+ 50. Ka2 c4 51. Rgb1 Be7 52. Rb7 Qa3#
0-1

[Event "AUTO-INT-667"]
[Site "http://www.queenalice.com/game.php?id=295115"]
[Date "2007.10.29"]
[Round "1"]
[White "guermantes"]
[Black "Chazam"]
[Result "1-0"]
[WhiteElo "1616"]
[BlackElo "1364"]

1. e4 b6 2. Bc4 Bb7 3. Nc3 e6 4. Nf3 Nc6 5. d4 g6 6. O-O Bg7 7. d5 Na5 8. Bd3
Ne7 9. Bg5 h6 10. Be3 g5 11. h3 exd5 12. exd5 Nxd5 13. Re1 Nxc3 14. Bc5+ Ne4 15.
Bxe4 Bxe4 16. Rxe4+ Qe7 17. Rxe7+ Kf8 18. Qd5 Kg8 19. Qxf7+ Kh7 20. Qxg7# 1-0

[Event "AUTO-INT-667"]
[Site "http://www.queenalice.com/game.php?id=295124"]
[Date "2007.10.29"]
[Round "1"]
[White "Richardlim"]
[Black "guermantes"]
[Result "1-0"]
[WhiteElo "1624"]
[BlackElo "1673"]

1. b3 e5 2. Bb2 d6 3. g3 Nf6 4. Bg2 Be7 5. d3 Bd7 6. Bxb7 Bc6 7. Bxa8 Bxa8 8. f3
Nbd7 9. Qd2 d5 10. Qg5 g6 11. Bxe5 Nxe5 12. Qxe5 Qd6 13. Qxd6 Bxd6 14. Nh3 Be5
15. c3 O-O 16. d4 Bd6 17. Nd2 Bb7 18. O-O Re8 19. Rfe1 Kg7 20. a4 a5 21. c4 Bb4
22. Red1 Rxe2 23. Ra2 Bxd2 24. Raxd2 Rxd2 25. Rxd2 dxc4 26. bxc4 Bxf3 27. c5 Nd5
28. Kf2 Bg4 29. Ng1 Nc3 30. d5 Nxa4 31. Rd4 1-0

[Event "AUTO-INT-667"]
[Site "http://www.queenalice.com/game.php?id=295125"]
[Date "2007.10.29"]
[Round "1"]
[White "guermantes"]
[Black "Richardlim"]
[Result "1/2-1/2"]
[WhiteElo "1655"]
[BlackElo "1712"]

1. d4 b6 2. e3 Bb7 3. Bd3 Bxg2 4. Be4 Bxh1 5. Bxh1 c6 6. Nc3 e6 7. Nf3 Bb4 8.
Bd2 Bxc3 9. Bxc3 Nf6 10. Qe2 b5 11. Ne5 O-O 12. O-O-O Qb6 13. f4 Qa6 14. Kb1 d6
15. Ng4 Nxg4 16. Qxg4 g6 17. Qh4 f6 18. d5 exd5 19. Bxf6 b4 20. Rg1 Qe2 21. f5
Nd7 22. fxg6 h5 23. Qh3 Rxf6 24. b3 Nc5 25. Kb2 Nd3+ 26. Kb1 Raf8 27. Bg2 Rf2
28. Qe6+ Kg7 29. Qe7+ R8f7 30. Qxf7+ Rxf7 31. gxf7 Kxf7 32. e4 Qf2 33. Rf1 Qxf1+
34. Bxf1 Ne5 35. exd5 cxd5 36. Kb2 d4 37. a3 a5 38. Bg2 h4 39. h3 Kf6 40. Bd5
Kf5 41. axb4 axb4 42. Kc1 Kf4 43. Kd2 Kg3 44. Be6 Kf4 45. Ke2 Kg3 46. Bc8 Ng6
47. Kd3 Nf4+ 48. Kxd4 Nxh3 49. Kd5 Nf2 50. Kxd6 Ng4 51. Kc5 h3 52. Kxb4 h2 53.
Bb7 Ne5 54. Bh1 Kf4 55. Kc5 Kg3 56. b4 Kf2 57. c4 Kg1 58. Bd5 Ng4 59. b5 Ne3 60.
Ba8 Ng2 61. Bxg2 Kxg2 62. Kb6 h1=Q 63. c5 Qg1 64. Kc6 Qd4 65. b6 Qa4+ 66. Kc7
Qf4+ 67. Kc6 Qe4+ 68. Kc7 Qe5+ 69. Kc6 Qe6+ 70. Kc7 Qe7+ 1/2-1/2

[Event "AUTO-INT-667"]
[Site "http://www.queenalice.com/game.php?id=371453"]
[Date "2008.3.15"]
[Round "2"]
[White "guermantes"]
[Black "zemaria"]
[Result "0-1"]
[WhiteElo "1636"]
[BlackElo "1666"]

1. d4 d5 2. Nf3 e6 3. e3 Bd6 4. Bd3 a6 5. Nbd2 c5 6. dxc5 Bxc5 7. c3 b5 8. b4
Be7 9. e4 d4 10. Nxd4 e5 11. Nf5 Bxf5 12. exf5 Qxd3 13. Bb2 Nc6 14. Qf3 Qxf3 15.
Nxf3 Nf6 16. O-O e4 17. Nd4 Nxd4 18. cxd4 Bxb4 19. Rfd1 Nd5 20. Rac1 O-O 21. Rc6
Rfc8 22. Rdc1 Ne7 23. Rxc8+ Rxc8 24. Rxc8+ Nxc8 25. d5 Be7 26. Be5 Bf6 27. Bc7
Be7 28. g4 Bd6 0-1

[Event "AUTO-INT-667"]
[Site "http://www.queenalice.com/game.php?id=371454"]
[Date "2008.3.15"]
[Round "2"]
[White "zemaria"]
[Black "guermantes"]
[Result "1-0"]
[WhiteElo "1645"]
[BlackElo "1652"]

1. e4 d6 2. d4 Nf6 3. Nc3 Nbd7 4. Be2 c6 5. Be3 e5 6. d5 Be7 7. dxc6 bxc6 8. h3
Qa5 9. Bd2 Qc7 10. Nf3 h6 11. Nh4 Nxe4 12. Nf5 Nxd2 13. Qxd2 Nf6 14. Nxg7+ Kd8
15. Nd1 Ne4 16. Qe3 d5 17. Nc3 Qa5 18. O-O Rg8 19. Qxh6 Nxc3 20. bxc3 Qxc3 21.
Qh7 Rxg7 22. Qxg7 Bd7 23. Qg8+ Kc7 24. Qxa8 1-0

[Event "AUTO-OPEN-881"]
[Site "http://www.queenalice.com/game.php?id=382071"]
[Date "2008.4.4"]
[Round "2"]
[White "Drica"]
[Black "guermantes"]
[Result "0-1"]
[WhiteElo "1598"]
[BlackElo "1637"]

1. e4 e5 2. Qf3 Nf6 3. Bc4 d6 4. Nc3 c6 5. b3 Be7 6. d3 b5 7. Nxb5 cxb5 8. Bxb5+
Bd7 9. Bxd7+ Nbxd7 10. Ba3 Rc8 11. Qe2 Nf8 12. Qe3 h6 13. Qxa7 Ra8 14. Qb7 Rxa3
15. Qc6+ Qd7 16. Qxd7+ N8xd7 17. Nf3 O-O 18. h4 Ng4 19. Nd2 f5 20. exf5 Rxf5 21.
Ne4 Ndf6 22. Nxf6+ Rxf6 23. f3 Ne3 24. Kd2 Nxg2 25. Rhg1 Nf4 26. c4 Rf8 27. Ke3
Bxh4 28. Rg4 Bg5 29. Ke4 Rfa8 30. Kf5 Rxb3 31. axb3 Rxa1 32. Rxg5 hxg5 0-1

[Event "AUTO-OPEN-881"]
[Site "http://www.queenalice.com/game.php?id=382072"]
[Date "2008.4.4"]
[Round "2"]
[White "guermantes"]
[Black "Drica"]
[Result "1-0"]
[WhiteElo "1621"]
[BlackElo "1612"]

1. d4 d5 2. Nf3 e6 3. e3 Nc6 4. c4 Bb4+ 5. Bd2 Bxd2+ 6. Nbxd2 dxc4 7. Bxc4 Na5
8. Bd3 Nf6 9. Qa4+ Nd7 10. Qxa5 b6 11. Qc3 a5 12. O-O Ba6 13. Bxa6 Rxa6 14. Rad1
O-O 15. Rfe1 f5 16. Qc4 Nb8 17. Qxe6+ Rf7 18. Ne5 Qe7 19. Qxf7+ Qxf7 20. Nxf7
Kxf7 21. a3 Nc6 22. Nf3 h5 23. Ne5+ Nxe5 24. dxe5 b5 25. Rd7+ Ke6 26. Red1 Kxe5
27. Rxc7 Rd6 28. Rxd6 Kxd6 29. Rxg7 h4 30. Rh7 b4 31. Rxh4 bxa3 32. bxa3 1-0

[Event "AUTO-OPEN-881"]
[Site "http://www.queenalice.com/game.php?id=382077"]
[Date "2008.4.4"]
[Round "2"]
[White "guermantes"]
[Black "Soncini"]
[Result "0-1"]
[WhiteElo "1651"]
[BlackElo "2119"]

1. Nf3 d5 2. d4 e6 3. e3 c5 4. dxc5 Bxc5 5. Bd3 Nf6 6. O-O Nc6 7. a3 e5 8. Bb5
Bg4 9. h3 Bh5 10. Nc3 e4 11. Nxd5 Nxd5 12. c4 Bxf3 13. Qxd5 Qxd5 14. cxd5 a6 15.
Bxc6+ bxc6 16. b4 cxd5 17. gxf3 Be7 18. f4 Bf6 19. Rb1 O-O 20. f3 Rfe8 21. fxe4
Rxe4 22. Rf2 d4 23. exd4 Bxd4 0-1

[Event "AUTO-OPEN-881"]
[Site "http://www.queenalice.com/game.php?id=382078"]
[Date "2008.4.4"]
[Round "2"]
[White "Soncini"]
[Black "guermantes"]
[Result "1-0"]
[WhiteElo "2063"]
[BlackElo "1649"]

1. e4 e5 2. Nf3 Nc6 3. c3 Nf6 4. Qc2 Be7 5. d3 d6 6. Be2 h6 7. Na3 a6 8. Nc4 Be6
9. Ne3 Qd7 10. d4 exd4 11. cxd4 Bg4 12. d5 Nd8 13. Bd2 c6 14. Nxg4 Nxg4 15. O-O
O-O 16. h3 Nf6 17. dxc6 Qxc6 18. Qxc6 Nxc6 19. Bd3 b5 20. Rfc1 Rac8 21. g4 Ne5
22. Nxe5 Rxc1+ 23. Rxc1 dxe5 24. Kf1 Rd8 25. Ke2 Nh7 26. Rc6 Rd6 27. Rc7 Bd8 28.
Rc8 g5 29. Ba5 1-0